000 00434nam a22001817a 4500
003 MPLRDC
005 20220104113526.0
008 210129b ||||| |||| 00| 0 eng d
020 _a7-80030-175-3
082 _a848.1 LYT v.10 c.2
100 _a林语堂著
245 _a八十自叙
_c
250 _a一版一刷
260 _a
_b宝文堂书店
_c1990
300 _b
650 _a现代别集
942 _cBK
_o848.1 LYT v.10 c.2
999 _c326
_d316